LEADER 01246nam a2200301 a 4500 001 000000122334 003 CaOOAMICUS 005 20140908125621.0 008 100623s1994 it u000 u ita r 020 $a88-15-04578-3 040 $aPUL$bita$dReb 082 04$a909 100 1 $aLippolis, Vincenzo.$0(OLS)http://pul/name/76749 245 13$aLa cittadinanza europea /$cVincenzo Lippolis. 260 $aBologna :$bIl Mulino,$cİ1994. 300 $a185 p. ;$c21 cm. 490 1 $aUniversale paperbacks Il Mulino ;$v289 504 $aInclude riferimenti bibliografiaci ed indice. 610 14$aUnione europea$xDiritto.$0(OLS)http://pul/subject/27384 650 4$aCittadinanza$xDiritto.$0(OLS)http://pul/subject/34040 830 0$aUniversale paperbacks Il Mulino ;$v289.$0(OLS)http://pul/title/190 850 $aPUL 852 $aPUL$W1$xDP2 Filosofia 3$y112$m909 COLL 2.289$j140459$qDDC 21$B139591$CPULBib$Z2$F139591 $H114248 $82 941 1 $a9 996 $6020$a88-15-04578-3$9(OLS)http://pul/number/144688 996 $6082$a909$9(OLS)http://pul/classification/566 996 $6245$aLa cittadinanza europea$9(OLS)http://pul/title/154035 996 $6260$aBologna :$bIl Mulino$9(OLS)http://pul/publisher/47928 LEADER 01613nam a2200337 a 4500 001 000000173634 003 CaOOAMICUS 005 20200707150416.0 008 200707s2018 nyuda u000 u eng r 032 $aLibriCat 040 $aPUL$bita 082 04$a338.9 110 2 $aUnited Nations Conference on Trade and Development (UNCTAD).$0(OLS)http://pul/name/111492 245 10$aEntrepreneurship for structural transformation : $bbeyond business as usual /$cUnited Nations conference on trade and development. 246 0 $aThe least developed countries report 2018 260 $aNew York and Geneva :$bUnited Nations,$c2018. 300 $axiii, xiii, 159 p. :$bgrafici, ill. ;$c29 cm. 650 4$aEconomia mondiale.$0(OLS)http://pul/subject/19449 650 4$aSviluppo economico.$0(OLS)http://pul/subject/9440 710 2 $aUnited Nations.$0(OLS)http://pul/name/49141 850 $aPUL 852 $aPUL$W1$xSL Diritto e Scienze Sociali 3$y79$m338. 9 UNCTA 2$j197626$qDDC 21$B202416$CPULBib$Z2$F202416 $H133751 $82 910 $aOrganizzazione delle Nazioni Unite$949141 910 $aUnited Nations Organisation$949141 910 $aNazioni Unite$949141 910 $aONU$949141 996 $6082$a338.9$9(OLS)http://pul/classification/697 996 $6245$aEntrepreneurship for structural transformation : $bbeyond business as usual$9(OLS)http://pul/title/214812 996 $6246$aThe least developed countries report 2018$9(OLS)http://pul/title/214813 996 $6260$aNew York and Geneva :$bUnited Nations$9(OLS)http://pul/publisher/87080